| 000 | 00942 a2200229 4500 | ||
|---|---|---|---|
| 001 | 55060 | ||
| 005 | 20260407155826.0 | ||
| 008 | 260407a2020 arg spa d | ||
| 003 | AR-UNSa-BCEJYS | ||
| 040 |
_aAR-UNSa-BCEJYS _bspa _cAR-UNSa-BCEJYS |
||
| 080 |
_a378 _xEnseñanza superior. Universidades. Escuelas especiales |
||
| 245 | 1 | 0 |
_aLa universidad en clave de género _pA 100 años de la reforma universitaria |
| 020 | _a978-987-3810-32-9 | ||
| 264 | 1 |
_aBuenos Aires : _bUniversidad de Buenos Aires. Facultad de Derecho. Departamento de Publicaciones _c2020 |
|
| 300 |
_a88 p. _c22 cm. |
||
| 505 | _a1. I Parte: La universidad desde un enfoque de género en el centenario de la reforma - 2. II Parte: Los desafíos para la participación plena de las mujeres en las facultades de la UBA | ||
| 041 | _aspa | ||
| 942 | _cBK | ||
| 590 | _aniveau_biblio:m niveau_hierar:0 | ||
| 100 | 1 | _aPautassi, Laura C. | |
| 700 | 1 | _aBalardini, Lorena | |
| 999 |
_c5886 _d5886 |
||